000 00825nam0a22002531 4500
001 rc\612834
005 20260405112100.0
035 _a(NLR Aleph) 005856308
090 _a5831527
_c5831527
100 _a20031121d1986 |||y0rusy50 ca
101 0 _arus
102 _aRU
105 _ay |||||||||
200 1 _aСоциология нравственного развития личности
210 _aМ.
_cПолитиздат
_d1986
215 _a239, [1] с.
_d21
320 _aУказ.: с. 239
700 1 _7ca
_8rus
_aСоколов
_bВ. М.
_cд-р филос. наук, социол. мораль
_f1935-
_gВладимир Михайлович
_925920
_3RU\NLR\AUTH\7742977
801 0 _aRU
_bNLR
_gpsbo
801 1 _aRU
_bELAR
_2rusmarc
852 _aNLR
_j86-3/12297
942 _cBOOK
980 _aNB